Normal view
MARC view
- Vayson de Pradenne, André
Entry Personal Name
001 - CONTROL NUMBER
- control field: 107820
003 - CONTROL NUMBER IDENTIFIER
- control field: NUST
005 - DATE AND TIME OF LATEST TRANSACTION
- control field: 20230126181106.0
008 - FIXED-LENGTH DATA ELEMENTS
- fixed length control field: 230126|| aca||aabn | a|a d
040 ## - CATALOGING SOURCE
- Original cataloging agency: NUST
- Transcribing agency: NUST
100 ## - HEADING--PERSONAL NAME
- Personal name: Vayson de Pradenne, André
670 ## - SOURCE DATA FOUND
- Source citation: Work cat.: (NUST)186131: Pradenne, Vayson de 107819, Prehistory /, 1940
